000 00300nam a22001337a 4500
999 _c158268
_d158268
020 _a
082 _a
_b
100 _aTathagatananda
245 _aThe vedanta society of New York:
_ba brief survey/
_cby Tathagatananda.
260 _a
_b
_c2000.
300 _a343p.
650 _a
942 _cBK